Agriculture and the environment issues and policies

Guardado en:
Detalles Bibliográficos
Formato: Libro
Lenguaje:inglés
Publicado: Paris OECD 1998
Materias:
Etiquetas: Agregar Etiqueta
Sin Etiquetas, Sea el primero en etiquetar este registro!

MARC

LEADER 00000nam a2200000 4500
001 c121911
005 20221221084104.5
020 |a 92-64-16048-5 
041 0 |a eng 
044 |a FR 
245 1 0 |a Agriculture and the environment  |b issues and policies 
264 1 |a Paris  |b OECD  |c 1998 
300 |a 37 s. 
610 2 0 |a poľnohospodárstvo 
610 2 0 |a prostredie životné 
610 2 0 |a politika poľnohospodárska 
610 2 0 |a OECD